| 000 | 00751nam a2200229Ia 4500 | ||
|---|---|---|---|
| 003 | OSt | ||
| 005 | 20221005111300.0 | ||
| 006 | a|||||r|||| 00| 0 | ||
| 007 | ta | ||
| 008 | 221004b |||||||| |||| 00| 0 hin d | ||
| 024 | _a97432 | ||
| 037 | _cTextual | ||
| 040 |
_aCRL _cCRL _bhin |
||
| 041 |
_2hin _ahin |
||
| 082 | _aD65,8(B), 152P0.2-.3 | ||
| 100 | _aबंसल, राम | ||
| 245 | 0 | _aप्रारम्भिक कम्प्यूटर शिक्षा | |
| 246 | _aPrārambhik kampyūṭar shikṣhā | ||
| 260 |
_aनई दिल्ली _bवाणी प्रकाशन भारत _c2000 |
||
| 942 |
_hD65,8(B), 152P0.2-.3 _cTEXL _2cc |
||
| 999 |
_c1021368 _d1021368 |
||